Normal view
MARC view
Entry Personal Name
001 - CONTROL NUMBER
- control field: 14298
003 - CONTROL NUMBER IDENTIFIER
- control field: BD-RjUL
005 - DATE AND TIME OF LATEST TRANSACTION
- control field: 20241118112611.0
008 - FIXED-LENGTH DATA ELEMENTS
- fixed length control field: 241118|| aca||aabn | a|a d
040 ## - CATALOGING SOURCE
- Original cataloging agency: BD-RjUL
- Transcribing agency: BD-RjUL
100 ## - HEADING--PERSONAL NAME
- Personal name: ঋতুপর্ণ ঘোষ
- Dates associated with a name: জন্ম: ৩১ আগস্ট, ১৯৬৩ / মারা গেছেন: ৩০ মে, ২০১৩
670 ## - SOURCE DATA FOUND
- Source citation: Work cat.: (BD-RjUL)84315: আফসানা, কাজী শুসমিন 14297, ঋতুপর্ণ ঘোষের চলচ্চিত্র : , ২০২৩